00470nam a2200169 450000500170000001000150001702000260003203500140005803700130007208200110008510000180009624500440011426000440015827000600020230000210026270000170028320230818142305.0 aENG-137422 a9788195386796c275.00 aEN-120954 bDBAD/PUB a658.15 qGupta, Hairom aFinancial Management /cby Hariom Gupta aNew DelhibKitab Mahal Publishersc2022 a4655/21, Ansari Road (G.F) DaryaganjbNew Delhie110002 a297p.c21cm(pbk) aBahal, Mohit